| 000 | 01251cam a22002295a 4500 | ||
|---|---|---|---|
| 001 | L160128 | ||
| 008 | 180719s2018 xxk f 000 0 eng d | ||
| 035 | _a(Sirsi) u160128 | ||
| 041 | 0 | _aeng | |
| 110 | 2 |
_aBuilding Better Partnership _96209 |
|
| 245 | 0 | 0 |
_aResponsible fit-out toolkit _bOffices _h[electronic resource] |
| 520 | _aThis Toolkit supports owners and occupiers in delivering responsible office fit-outs that incorporate sustainability and wellbeing principles.Structured around the fit-out process, it sets out key principles for owners and occupiers to collaborate on - from initially finding space, through to project design, construction and operation.Each section outlines key principles, showcases innovative case studies, and brings together essential resources and guidance from across the industry into one place | ||
| 590 | _aNTK | ||
| 650 | 2 | 4 | _aOFFICES |
| 650 | 2 | 4 | _aTOOLKIT |
| 651 | 4 |
_aUnited Kingdom _y |
|
| 690 |
_aFacilities management _96240 |
||
| 690 |
_aCommercial property _96227 |
||
| 690 |
_aSustainability _96271 |
||
| 856 | 4 | 0 |
_uhttps://www.betterbuildingspartnership.co.uk/responsible-fit-out-toolkit-offices _zView the item free of charge from the www.betterbuildingspartnership.co.uk website. |
| 942 | _n0 | ||
| 999 |
_c116240 _d116240 |
||